<?xml version="1.0" encoding="UTF-8"?>
<record
    xmlns:xsi="http://www.w3.org/2001/XMLSchema-instance"
    xsi:schemaLocation="http://www.loc.gov/MARC21/slim http://www.loc.gov/standards/marcxml/schema/MARC21slim.xsd"
    xmlns="http://www.loc.gov/MARC21/slim">

  <leader>00643cam a2200193   4500</leader>
  <controlfield tag="005">20250528144508.0</controlfield>
  <controlfield tag="008">250528b        mx  |||||||| |||| 00spa|d </controlfield>
  <datafield tag="050" ind1="0" ind2="4">
    <subfield code="a">HC135 </subfield>
    <subfield code="b">C43 1970</subfield>
  </datafield>
  <datafield tag="100" ind1="1" ind2=" ">
    <subfield code="a">Cece&#xF1;a Cervantes, Jos&#xE9; Luis</subfield>
  </datafield>
  <datafield tag="245" ind1="1" ind2="0">
    <subfield code="a">M&#xE9;xico en la &#xF3;rbita imperial </subfield>
    <subfield code="c"> / Jos&#xE9; Luis Cece&#xF1;a.</subfield>
  </datafield>
  <datafield tag="246" ind1="1" ind2="3">
    <subfield code="a">Las empresas transnacionales</subfield>
  </datafield>
  <datafield tag="250" ind1=" " ind2=" ">
    <subfield code="a">12a ed.</subfield>
  </datafield>
  <datafield tag="260" ind1=" " ind2=" ">
    <subfield code="a">M&#xE9;xico :</subfield>
    <subfield code="b">Ediciones el Caballito,</subfield>
    <subfield code="c">1970</subfield>
  </datafield>
  <datafield tag="300" ind1=" " ind2=" ">
    <subfield code="a">271 p. ;</subfield>
    <subfield code="c">20 cm.</subfield>
  </datafield>
  <datafield tag="504" ind1=" " ind2=" ">
    <subfield code="a">Incluye bibliograf&#xED;as</subfield>
  </datafield>
  <datafield tag="651" ind1=" " ind2="7">
    <subfield code="2">lemb</subfield>
    <subfield code="a">M&#xE9;xico  </subfield>
    <subfield code="x">Condiciones econ&#xF3;micas   </subfield>
    <subfield code="x">Historia</subfield>
  </datafield>
  <datafield tag="651" ind1=" " ind2="4">
    <subfield code="a">M&#xE9;xico</subfield>
    <subfield code="x">Historia </subfield>
    <subfield code="y">Revoluci&#xF3;n, 1910-1920</subfield>
  </datafield>
  <datafield tag="942" ind1=" " ind2=" ">
    <subfield code="2">lcc</subfield>
    <subfield code="c">LIB</subfield>
  </datafield>
  <datafield tag="999" ind1=" " ind2=" ">
    <subfield code="c">159997</subfield>
    <subfield code="d">159995</subfield>
  </datafield>
  <datafield tag="952" ind1=" " ind2=" ">
    <subfield code="1">0</subfield>
    <subfield code="2">lcc</subfield>
    <subfield code="4">0</subfield>
    <subfield code="7">0</subfield>
    <subfield code="a">LIC-029</subfield>
    <subfield code="b">LIC-029</subfield>
    <subfield code="c">GENERAL</subfield>
    <subfield code="d">2025-05-28</subfield>
    <subfield code="e">UA</subfield>
    <subfield code="f">12a ed.</subfield>
    <subfield code="i">CEA</subfield>
    <subfield code="k">CSA</subfield>
    <subfield code="l">0</subfield>
    <subfield code="o">HC135 C43 1980</subfield>
    <subfield code="p">BFE000002397</subfield>
    <subfield code="r">2022-01-26 00:00:00</subfield>
    <subfield code="t">1</subfield>
    <subfield code="v">1.00</subfield>
    <subfield code="y">LIB</subfield>
  </datafield>
</record>
